000 00689nam a22002297a 4500
001 87100
003 UA-OsUOA
005 20220501153223.0
007 ta
008 20120914b un ||||| |||| 00| 0 ukr d
040 _aUA-OsUOA
_brus
_cUA-OsUOA
_dUA-OsUOA
041 _arus
080 _a82.09(40+571)
090 _a82.09(40+571)
_bГ87
100 _aГромов П. П.
245 _aО стиле Льва Толстого
260 _aЛенинград
_bХудожественная литература
_c1971
300 _a388 с.
650 7 _a82.09 Літературна критика. Літературні дослідження
_2UDC
942 _cBK
_2udc
955 _a3
999 _c373392
_d373392